000 00647nam a22002417a 4500
003 UA-OsUOA
001 79217
007 ta
008 20111104b un ||||| |||| 00| 0 ukr d
100 _aАлексеев М.
090 _a821.161.1
_bА47
942 _cBK
040 _aUA-OsUOA
_brus
_cUA-OsUOA
_dUA-OsUOA
245 _aИвушка неплакучая
_bроман
300 _a349 с.
955 _a3
041 _arus
080 _a821.161.1
260 _aМ.
_bСоветский писатель
_c1976
246 3 1 _aкн. 2
_n
650 7 _a82 Література. Літературознавство
_2UDC
999 _c365534
_d365534